Loading...

Meditation techniques in yoga

Bibliographic Details
Main Author: Sareen,C.D
Format: Printed Book
Published: New Delhi World Heritage 2019
Subjects:
LEADER 00470nam a22001457a 4500
020 |a 978938812132 
082 |a 181.45  |b SAR/M 
100 |a Sareen,C.D 
245 |a Meditation techniques in yoga  
260 |a New Delhi  |b World Heritage   |c 2019 
300 |a 232p. 
650 |a Yoga -Meditation  |a Spiritual  
942 |c BK 
999 |c 59522  |d 59522 
952 |0 0  |1 0  |4 0  |6 181_450000000000000_SAR_M  |7 0  |9 66644  |a KUCL  |c Stack  |d 2020-10-27  |g 1550.00  |l 0  |o 181.45 SAR/M  |p 51619  |r 2020-10-27  |w 2020-10-27  |y BK